000 00293nam a22001337a 4500
008 170607b xxu||||| |||| 00| 0 eng d
020 _a252745345
041 _aeng
080 _a32
100 _a18
101 _aSHP
245 _aTHE SYMBOLIC USES OF POLITICS
_cEDELMAN,M
942 _2udc
_cBK
999 _c16222
_d16222